| 000 | 00519nam a2200169 a 4500 | ||
|---|---|---|---|
| 001 | 5370 | ||
| 003 | CDMR | ||
| 005 | 20130228165240.0 | ||
| 008 | 130130s1996||||||||||||||||||||||||||||d | ||
| 020 | _a8445317962 | ||
| 040 |
_aCDMR _bcat _cCDMR |
||
| 111 | 2 |
_93020 _aOutono Fotográfico _cOurense _d1996 _n12è |
|
| 245 | 1 | 0 |
_aOutono Fotográfico 1996 _bXII Consurso Galego de Fotografía Xuventude 96 |
| 260 |
_aOurense _c1996 _bXunta de Galicia |
||
| 500 | _aCatàleg de les exposicions de l'edició de 1996 | ||
| 942 |
_cMON _2ddc |
||
| 999 |
_c5370 _d5370 |
||